000 00349nam a2200145 i 4500
001 bg
245 0 _aFizika vysokich energij i teorija elementarnych Ĩastic.
260 _aKiev :
_b"Naukova Dumka",
_c1967.
300 _as. 815.
040 _cBPK
041 _apol
080 _a539.1
942 _cKS
008 s pl f |000 0 pol
999 _c12771
_d12771
856 _uhttp://koha.tu.koszalin.pl/cgi-bin/koha/opac-detail.pl?biblionumber=12771
_yKatalog online BPK